000 00406cam a22001575a 4500
001 J101034
008 000000s1934 xxk 000 0 eng u
035 _a(Sirsi) u101034
110 _aChartered Surveyors' Institution
_92274
245 0 4 _aThe reform of local government. May 1934.
260 _c1934
300 _a11p.
651 4 _aUnited Kingdom
_y
690 _aBusiness and management
942 _n0
999 _c99998
_d99998